000 00423nam a2200157 a 4500
001 37116
005 20180714005934.0
008 140415s2000 000 0 spa d
020 _a97092473
041 _aspa
082 _a624.1834
_bSOT
100 1 _aSOTO RODRIGUEZ, HECTOR
245 1 0 _aDISEÑO DE ESTRUCTURAS METALICAS.
260 _a[s.l.] :
_bBUENA ONDA,
_c2000.
650 1 4 _aESTRUCTURAS METALICAS
999 _c37116
_d37116